Normal view MARC view
  • Dārulʻulūm Devband

Entry Corporate Name

Number of records used in: 1

001 - CONTROL NUMBER

  • control field: 129943

003 - CONTROL NUMBER IDENTIFIER

  • control field: NUST

005 - DATE AND TIME OF LATEST TRANSACTION

  • control field: 20250718113847.0

008 - FIXED-LENGTH DATA ELEMENTS

  • fixed length control field: 250718|| aca||aabn | a|a d

040 ## - CATALOGING SOURCE

  • Original cataloging agency: NUST
  • Transcribing agency: NUST

110 ## - HEADING--CORPORATE NAME

  • Corporate name or jurisdiction name as entry element: Dārulʻulūm Devband

670 ## - SOURCE DATA FOUND

  • Source citation: Work cat.: (NUST)614380: Arshad, ʻAbdurrashīd 129942, Bīs baṛe Musalmān / , 1996.
© 2023 Central Library, National University of Sciences and Technology. All Rights Reserved.